[Event "Berlin-ch"]
[Site "Berlin"]
[Date "2023.04.12"]
[Round "5"]
[White "Schliebener, Stephan"]
[Black "Von Herman, Ulf"]
[Result "1/2-1/2"]
[WhiteElo "2080"]
[BlackElo "2332"]
[PlyCount "39"]
[EventDate "2023.04.08"]
[EventType "swiss"]
[EventRounds "9"]
[EventCountry "GER"]
[SourceTitle "CBM 213 Extra"]
[Source "ChessBase"]
[SourceDate "2023.05.31"]
[SourceVersion "1"]
[SourceVersionDate "2023.05.31"]
[SourceQuality "1"]

1. d4 Nf6 2. c4 e6 3. Nc3 d5 4. cxd5 exd5 5. Bg5 Be7 6. e3 c6 7. Bd3 Nbd7 8. Qc2 Nh5 9. Bxe7 Qxe7 10. Nge2 Nb6 11. 0-0 g6 12. Rae1 0-0 13. a3 Re8 14. b4 Be6 15. Na4 Nxa4 16. Qxa4 a6 17. Qb3 Nf6 18. Nf4 Qd6 19. Qc3 Nd7 20. Rc1 1/2-1/2

[Event "BL2-Nord 2223"]
[Site "Germany"]
[Date "2023.02.04"]
[Round "5.6"]
[White "Krause, Jonah"]
[Black "Von Herman, Ulf"]
[Result "1/2-1/2"]
[WhiteElo "2374"]
[BlackElo "2332"]
[PlyCount "102"]
[EventDate "2022.10.22"]
[EventType "team-tourn"]
[EventRounds "10"]
[EventCountry "GER"]
[SourceTitle "EXT 2024"]
[Source "ChessBase"]
[SourceDate "2023.10.10"]
[SourceVersion "1"]
[SourceVersionDate "2023.10.10"]
[SourceQuality "1"]
[WhiteTeam "St Pauli"]
[BlackTeam "Koenig Tegel"]
[WhiteTeamCountry "GER"]
[BlackTeamCountry "GER"]

1. d4 Nf6 2. c4 e6 3. Nf3 d5 4. Nc3 Bb4 5. cxd5 exd5 6. Bg5 h6 7. Bh4 g5 8. Bg3 Ne4 9. Nd2 Nxg3 10. hxg3 c6 11. Qc2 Be6 12. a3 Be7 13. 0-0-0 Nd7 14. e4 dxe4 15. Ncxe4 Qc7 16. Bc4 Bxc4 17. Nxc4 0-0-0 18. Ne3 Nb6 19. Kb1 h5 20. Nc3 Kb8 21. Qf5 h4 22. g4 Nc8 23. Ne4 Nd6 24. Nxd6 Rxd6 25. Rhe1 Rf6 26. Qc2 Rf4 27. d5 Rd8 28. Rd2 Qa5 29. Red1 Qc5 30. Qb3 Qb6 31. Qc3 Bf6 32. Qc2 a6 33. dxc6 Rxd2 34. Rxd2 Qxc6 35. Qxc6 bxc6 36. Kc2 Bd4 37. Nc4 Bxf2 38. Ne5 Bb6 39. Nxc6+ Kc7 40. Ne5 f6 41. Ng6 Rxg4 42. Ne7 Bd4 43. Nf5 Be5 44. b3 Kb6 45. b4 Rc4+ 46. Kb3 Rc3+ 47. Ka4 h3 48. gxh3 Rxh3 49. Nd6 Kc6 50. Nc4 Bc7 51. Rf2 Kd5 1/2-1/2

[Event "Bundesliga 2122"]
[Site "Germany"]
[Date "2022.04.10"]
[Round "4.6"]
[White "Heinemann, Thies"]
[Black "Von Herman, Ulf"]
[Result "1-0"]
[WhiteElo "2495"]
[BlackElo "2349"]
[PlyCount "75"]
[EventDate "2022.03.05"]
[EventType "team-tourn"]
[EventRounds "15"]
[EventCountry "GER"]
[SourceTitle "EXT 2023"]
[Source "ChessBase"]
[SourceDate "2022.10.05"]
[SourceVersion "1"]
[SourceVersionDate "2022.10.05"]
[SourceQuality "1"]
[WhiteTeam "Hamburger SK"]
[BlackTeam "Koenig Tegel"]
[WhiteTeamCountry "GER"]
[BlackTeamCountry "GER"]

1. e4 e6 2. Qe2 d5 3. exd5 Qxd5 4. Nc3 Qd8 5. g3 Nc6 6. Nf3 Nge7 7. Bg2 Nf5 8. b3 Be7 9. Bb2 Bf6 10. 0-0-0 Bd7 11. g4 Nfd4 12. Nxd4 Bxd4 13. f4 Qf6 14. Rdf1 0-0-0 15. h4 Qe7 16. Kb1 Kb8 17. Qc4 Qb4 18. Qd3 Ne7 19. a3 Qb6 20. Qc4 Bc6 21. Bxc6 Qxc6 22. Qxc6 Nxc6 23. f5 exf5 24. Rxf5 f6 25. Ne4 h6 26. d3 b6 27. Rhf1 Ne7 28. R5f3 Bxb2 29. Kxb2 h5 30. g5 f5 31. Ng3 Rd4 32. Re1 f4 33. Ne2 Rd7 34. Rxf4 Ng6 35. Re4 Rf7 36. Nd4 Kb7 37. b4 a6 38. a4 1-0

[Event "BL2-Nord 1920"]
[Site "Germany"]
[Date "2021.08.08"]
[Round "10.7"]
[White "Woelk, Tom Frederic"]
[Black "Von Herman, Ulf"]
[Result "0-1"]
[WhiteElo "2314"]
[BlackElo "2345"]
[PlyCount "78"]
[EventDate "2019.10.19"]
[EventType "team-tourn"]
[EventRounds "9"]
[EventCountry "GER"]
[SourceTitle "EXT 2023"]
[Source "ChessBase"]
[SourceDate "2022.10.05"]
[SourceVersion "1"]
[SourceVersionDate "2022.10.05"]
[SourceQuality "1"]
[WhiteTeam "Hamburger SK II"]
[BlackTeam "Koenig Tegel"]
[WhiteTeamCountry "GER"]
[BlackTeamCountry "GER"]

1. d4 Nf6 2. c4 e6 3. Nc3 Bb4 4. f3 d5 5. a3 Be7 6. e4 dxe4 7. fxe4 e5 8. d5 Bc5 9. Nf3 Bg4 10. h3 Bxf3 11. Qxf3 Nbd7 12. Bd3 0-0 13. Bd2 c6 14. 0-0-0 Qb6 15. g4 Bd4 16. g5 Ne8 17. h4 Nc5 18. h5 Nd6 19. Qh3 Nxd3+ 20. Qxd3 Qb3 21. Qc2 Qxc2+ 22. Kxc2 Nxc4 23. Bc1 Ne3+ 24. Bxe3 Bxe3 25. g6 fxg6 26. hxg6 hxg6 27. dxc6 bxc6 28. Rd6 Rf6 29. Rhd1 Raf8 30. Rd8 g5 31. Rxf8+ Kxf8 32. Ne2 g4 33. Rd3 Rf3 34. Rd6 Kf7 35. Rxc6 g3 36. Nxg3 Rxg3 37. b4 Bd4 38. a4 Ra3 39. a5 g5 0-1

[Event "BL2-Nord 1920"]
[Site "Germany"]
[Date "2021.08.07"]
[Round "9.7"]
[White "Von Herman, Ulf"]
[Black "Jahncke, Giso"]
[Result "0-1"]
[WhiteElo "2345"]
[BlackElo "2306"]
[PlyCount "86"]
[EventDate "2019.10.19"]
[EventType "team-tourn"]
[EventRounds "9"]
[EventCountry "GER"]
[SourceTitle "EXT 2023"]
[Source "ChessBase"]
[SourceDate "2022.10.05"]
[SourceVersion "1"]
[SourceVersionDate "2022.10.05"]
[SourceQuality "1"]
[WhiteTeam "Koenig Tegel"]
[BlackTeam "St Pauli"]
[WhiteTeamCountry "GER"]
[BlackTeamCountry "GER"]

1. d4 Nf6 2. c4 e6 3. Nf3 d5 4. Nc3 Bb4 5. cxd5 exd5 6. Bg5 h6 7. Bxf6 Qxf6 8. Qb3 Qb6 9. e3 c6 10. Bd3 Bd6 11. Qc2 Nd7 12. 0-0 Nf6 13. Rab1 0-0 14. b4 a6 15. h3 Re8 16. Rfc1 Qd8 17. a4 Qe7 18. b5 axb5 19. axb5 Ne4 20. bxc6 bxc6 21. Rb6 Bd7 22. Rb7 Rad8 23. Ra1 Bb8 24. Ra6 Ng5 25. Be2 Qd6 26. Ne5 Rxe5 27. dxe5 Qxe5 28. Bg4 f5 29. Bf3 Qh2+ 30. Kf1 Bc8 31. Qb3 Nxf3 32. gxf3 Bxb7 33. Qxb7 d4 34. exd4 Qh1+ 35. Ke2 Re8+ 36. Kd2 Bf4+ 37. Kc2 Qc1+ 38. Kd3 Qf1+ 39. Kc2 Qxf2+ 40. Kb3 Qxd4 41. Rxc6 Kh7 42. Rc8 Re6 43. Rc6 Be5 0-1

[Event "Berlin Eckbauer op 21st"]
[Site "Berlin"]
[Date "2018.11.12"]
[Round "5"]
[White "Budt, Matthias"]
[Black "Von Herman, Ulf"]
[Result "1/2-1/2"]
[WhiteElo "2188"]
[BlackElo "2345"]
[PlyCount "98"]
[EventDate "2018.10.08"]
[EventType "swiss"]
[EventRounds "7"]
[EventCountry "GER"]
[SourceTitle "CBM 189 Extra"]
[Source "ChessBase"]
[SourceDate "2019.06.03"]
[SourceVersion "1"]
[SourceVersionDate "2019.06.03"]
[SourceQuality "1"]

1. d4 Nf6 2. Nf3 d5 3. c4 e6 4. g3 Bb4+ 5. Bd2 Bd6 6. Bg2 c6 7. Qb3 0-0 8. 0-0 Qe7 9. Nc3 Nbd7 10. Bg5 h6 11. Bxf6 Nxf6 12. Nd2 e5 13. dxe5 Bxe5 14. cxd5 Bxc3 15. Qxc3 Nxd5 16. Qf3 Rd8 17. Rfd1 Be6 18. a3 Rd7 19. Nf1 Rad8 20. h3 Qf6 21. Qxf6 gxf6 22. f4 Nb6 23. Rxd7 Rxd7 24. Kf2 Bb3 25. Ke1 Nc4 26. Rb1 a5 27. Be4 c5 28. Bd3 Nd6 29. Rc1 b6 30. Nd2 Be6 31. h4 c4 32. Bb1 b5 33. Ne4 Nxe4 34. Bxe4 Rd4 35. Bc2 Kf8 36. Rd1 Rxd1+ 37. Kxd1 Ke7 38. Kd2 Kd6 39. Kc3 Kc5 40. e3 Bg4 41. Be4 Be6 42. Bc2 f5 43. Bd1 Bd5 44. Bh5 f6 45. Bg6 Be6 46. Bh5 Bd7 47. Bf7 b4+ 48. axb4+ axb4+ 49. Kd2 Bc8 1/2-1/2

[Event "Berlin Eckbauer op 21st"]
[Site "Berlin"]
[Date "2018.11.05"]
[Round "4"]
[White "Mayer, Herbert"]
[Black "Von Herman, Ulf"]
[Result "0-1"]
[WhiteElo "1827"]
[BlackElo "2345"]
[PlyCount "52"]
[EventDate "2018.10.08"]
[EventType "swiss"]
[EventRounds "7"]
[EventCountry "GER"]
[SourceTitle "CBM 189 Extra"]
[Source "ChessBase"]
[SourceDate "2019.06.03"]
[SourceVersion "1"]
[SourceVersionDate "2019.06.03"]
[SourceQuality "1"]

1. b3 e5 2. Bb2 Nc6 3. e3 d6 4. Bb5 Nge7 5. f4 a6 6. Bxc6+ Nxc6 7. Nf3 f6 8. 0-0 Be7 9. Nc3 exf4 10. exf4 d5 11. Ne2 0-0 12. Kh1 Re8 13. Ng3 Bd6 14. Nd4 Ne7 15. Qh5 c5 16. Ndf5 Nxf5 17. Nxf5 Bf8 18. Ne3 Be6 19. f5 Bf7 20. Qh3 d4 21. Ng4 b5 22. Rae1 Qa5 23. Qg3 Kh8 24. Qd3 Qxa2 25. Ra1 Qxb2 26. Rfb1 c4 0-1

[Event "Berlin Eckbauer op 21st"]
[Site "Berlin"]
[Date "2018.10.08"]
[Round "1"]
[White "Von Herman, Ulf"]
[Black "Weber, Manfred"]
[Result "1-0"]
[WhiteElo "2345"]
[BlackElo "1709"]
[PlyCount "33"]
[EventDate "2018.10.08"]
[EventType "swiss"]
[EventRounds "7"]
[EventCountry "GER"]
[SourceTitle "CBM 189 Extra"]
[Source "ChessBase"]
[SourceDate "2019.06.03"]
[SourceVersion "1"]
[SourceVersionDate "2019.06.03"]
[SourceQuality "1"]

1. d4 d5 2. c4 e6 3. Nc3 Nf6 4. cxd5 exd5 5. Bg5 Be7 6. e3 c6 7. Bd3 Bg4 8. Qb3 Qb6 9. Qc2 Nbd7 10. h3 Bh5 11. f4 h6 12. Bxf6 Nxf6 13. g4 Bxg4 14. hxg4 Nxg4 15. Qe2 h5 16. 0-0-0 0-0-0 17. Rxh5 1-0

[Event "Berlin Lieb Memorial 4th"]
[Site "Berlin"]
[Date "2018.06.29"]
[Round "7"]
[White "Brustkern, Juergen"]
[Black "Von Herman, Ulf"]
[Result "1/2-1/2"]
[WhiteElo "2239"]
[BlackElo "2354"]
[PlyCount "48"]
[EventDate "2018.05.17"]
[EventType "swiss"]
[EventRounds "7"]
[EventCountry "GER"]
[SourceTitle "CBM 189 Extra"]
[Source "ChessBase"]
[SourceDate "2019.06.03"]
[SourceVersion "1"]
[SourceVersionDate "2019.06.03"]
[SourceQuality "1"]

1. e4 c5 2. d3 g6 3. f4 Bg7 4. Nf3 Nc6 5. Be2 d5 6. 0-0 dxe4 7. dxe4 Qxd1 8. Rxd1 Bd7 9. c3 0-0-0 10. Be3 b6 11. Ng5 Be8 12. Nd2 h6 13. Ngf3 Nf6 14. h3 Bd7 15. a4 Ne8 16. a5 Nc7 17. Ra3 Kb7 18. Rda1 f5 19. Nc4 fxe4 20. axb6 axb6 21. Rb3 Nd5 22. Bxc5 Nxf4 23. Bf1 exf3 24. Nxb6 Kc7 1/2-1/2

[Event "Berlin Lieb Memorial 4th"]
[Site "Berlin"]
[Date "2018.06.21"]
[Round "5"]
[White "Figura, Atila Gajo"]
[Black "Von Herman, Ulf"]
[Result "1/2-1/2"]
[WhiteElo "2386"]
[BlackElo "2354"]
[PlyCount "34"]
[EventDate "2018.05.17"]
[EventType "swiss"]
[EventRounds "7"]
[EventCountry "GER"]
[SourceTitle "CBM 189 Extra"]
[Source "ChessBase"]
[SourceDate "2019.06.03"]
[SourceVersion "1"]
[SourceVersionDate "2019.06.03"]
[SourceQuality "1"]

1. d4 d5 2. c4 e6 3. Nc3 Nf6 4. cxd5 exd5 5. Bg5 Be7 6. e3 c6 7. Bd3 Nbd7 8. Qc2 Nh5 9. Bxe7 Qxe7 10. Nge2 g6 11. h3 Nb6 12. 0-0-0 Ng7 13. g4 Bd7 14. Kb1 0-0-0 15. Na4 Nxa4 16. Qxa4 Kb8 17. Rc1 h5 1/2-1/2

[Event "Berlin Lieb Memorial 4th"]
[Site "Berlin"]
[Date "2018.05.24"]
[Round "2"]
[White "Von Herman, Ulf"]
[Black "Koenig, Frank"]
[Result "1-0"]
[WhiteElo "2354"]
[BlackElo "1931"]
[PlyCount "51"]
[EventDate "2018.05.17"]
[EventType "swiss"]
[EventRounds "7"]
[EventCountry "GER"]
[SourceTitle "CBM 189 Extra"]
[Source "ChessBase"]
[SourceDate "2019.06.03"]
[SourceVersion "1"]
[SourceVersionDate "2019.06.03"]
[SourceQuality "1"]

1. d4 g6 2. e4 Bg7 3. Nc3 d6 4. Be3 a6 5. Qd2 Nd7 6. Nf3 b5 7. a4 b4 8. Ne2 Bb7 9. Ng3 a5 10. Bd3 c5 11. c3 h5 12. h3 h4 13. Nf1 Ngf6 14. d5 Ba6 15. Bxa6 Rxa6 16. Qd3 Ra8 17. N1d2 Bh6 18. Bxh6 Rxh6 19. Nc4 Rh5 20. 0-0 Nb6 21. Nfd2 Kf8 22. f4 Kg8 23. Ne3 Qd7 24. cxb4 cxb4 25. b3 e6 26. Qd4 1-0

[Event "Berlin Lichtenberger op 16th"]
[Site "Berlin"]
[Date "2017.08.22"]
[Round "4"]
[White "Von Herman, Ulf"]
[Black "Behrmann, Joachim"]
[Result "1/2-1/2"]
[WhiteElo "2354"]
[BlackElo "2206"]
[PlyCount "50"]
[EventDate "2017.08.19"]
[EventType "swiss"]
[EventRounds "9"]
[EventCountry "GER"]
[SourceTitle "CBM 180 Extra"]
[Source "ChessBase"]
[SourceDate "2017.10.06"]
[SourceVersion "1"]
[SourceVersionDate "2017.10.06"]
[SourceQuality "1"]

1. d4 d5 2. c4 e6 3. Nf3 c5 4. cxd5 exd5 5. g3 Nc6 6. Bg2 Nf6 7. 0-0 Be7 8. dxc5 Bxc5 9. a3 0-0 10. b4 Be7 11. Bb2 Ne4 12. Nbd2 Bf6 13. Bxf6 Qxf6 14. Nxe4 dxe4 15. Nd2 e3 16. fxe3 Qh6 17. Rf4 Ne5 18. Nf1 Qb6 19. Rc1 Be6 20. Qd4 f6 21. a4 Rfd8 22. Qxb6 axb6 23. Rd4 Rd7 24. Ra1 Nc6 25. Bxc6 bxc6 1/2-1/2

[Event "Berlin Werner Ott op"]
[Site "Berlin"]
[Date "2017.07.20"]
[Round "6"]
[White "Boettcher, Patrick"]
[Black "Von Herman, Ulf"]
[Result "0-1"]
[WhiteElo "2104"]
[BlackElo "2345"]
[PlyCount "76"]
[EventDate "2017.07.15"]
[EventType "swiss"]
[EventRounds "9"]
[EventCountry "GER"]
[SourceTitle "EXT 2019"]
[Source "ChessBase"]
[SourceDate "2018.10.10"]
[SourceVersion "1"]
[SourceVersionDate "2018.10.10"]
[SourceQuality "1"]

1. d4 Nf6 2. c4 e6 3. Nf3 d5 4. cxd5 exd5 5. Bg5 c6 6. Nc3 Be7 7. e3 Bf5 8. Bxf6 Bxf6 9. Bd3 Bxd3 10. Qxd3 0-0 11. 0-0 a5 12. Qc2 Nd7 13. Rfc1 Be7 14. Rab1 Bd6 15. a3 Qe7 16. Ne1 f5 17. g3 Nb6 18. Na4 Nc4 19. Nd3 Kh8 20. Nac5 b6 21. Na4 b5 22. Nac5 a4 23. Ra1 g5 24. Re1 Rae8 25. Na6 Rf6 26. Nab4 Qd7 27. Qd1 Rh6 28. f4 Nxe3 29. Qf3 gxf4 30. Nxf4 Bxf4 31. Qxf4 Rhe6 32. Nd3 Re4 33. Nc5 Rxf4 34. Nxd7 Rxd4 35. Re2 Kg7 36. Nc5 Rc4 37. Nb7 Re6 38. Rae1 d4 0-1

[Event "Berlin Lieb Memorial 3rd"]
[Site "Berlin"]
[Date "2017.06.29"]
[Round "6"]
[White "Von Herman, Ulf"]
[Black "Grosse, Michael"]
[Result "1-0"]
[WhiteElo "2346"]
[BlackElo "1934"]
[PlyCount "181"]
[EventDate "2017.05.11"]
[EventType "swiss"]
[EventRounds "7"]
[EventCountry "GER"]
[SourceTitle "CBM 189 Extra"]
[Source "ChessBase"]
[SourceDate "2019.06.03"]
[SourceVersion "1"]
[SourceVersionDate "2019.06.03"]
[SourceQuality "1"]

1. d4 d5 2. Nf3 c6 3. c4 Nf6 4. Qc2 g6 5. Bf4 Bg7 6. e3 0-0 7. Nc3 Bf5 8. Qb3 Qb6 9. h3 Qxb3 10. axb3 Na6 11. g4 Bc2 12. c5 Nb4 13. Ra4 a5 14. Nd2 Nd7 15. Bc7 e5 16. Bxa5 exd4 17. exd4 Rfe8+ 18. Be2 Nd3+ 19. Kf1 Nc1 20. Bd1 Bxd1 21. Nxd1 Nd3 22. Nf3 Nf4 23. Bd2 Ne6 24. Be3 b5 25. cxb6 Nxb6 26. Rxa8 Nxa8 27. Kg2 Rb8 28. Nc3 Rxb3 29. Rc1 Nac7 30. Na4 Rb4 31. b3 Rxb3 32. Rxc6 Rb4 33. Nc5 Rc4 34. Rd6 Bf8 35. Rd7 Nxc5 36. dxc5 Ne6 37. Ne5 Nxc5 38. Rxf7 Re4 39. Rxf8+ Kxf8 40. Bxc5+ Ke8 41. Nf3 Kd7 42. Be3 Kc6 43. Kf1 Kb5 44. Ke2 Re7 45. Kd3 Kc6 46. Kd4 Re4+ 47. Kd3 Re7 48. Nd4+ Kd7 49. Nb5 Ke6 50. Kd4 Rb7 51. Nc3 Rb4+ 52. Kd3 h5 53. gxh5 gxh5 54. Ne2 Rb3+ 55. Kc2 Rb7 56. Nd4+ Ke5 57. Kd3 Rb1 58. Nf3+ Kf5 59. Ke2 Rh1 60. h4 Ra1 61. Nd2 Ra4 62. Bg5 Rd4 63. Nf1 Ra4 64. Ne3+ Ke5 65. Nc2 Ke4 66. f3+ Ke5 67. Ke3 Ra8 68. f4+ Kf5 69. Kd4 Ra4+ 70. Kxd5 Ra5+ 71. Kd4 Ra4+ 72. Kd3 Rxf4 73. Ne3+ Ke5 74. Ke2 Rf7 75. Nc4+ Kd5 76. Nd2 Ke5 77. Ke3 Kf5 78. Kf3 Kg6+ 79. Ke4 Ra7 80. Nf1 Ra4+ 81. Kf3 Ra3+ 82. Ne3 Ra5 83. Bf4 Ra4 84. Ng2 Kf5 85. Be3 Ra3 86. Nf4 Rxe3+ 87. Kxe3 Kg4 88. Ng2 Kg3 89. Ke4 Kxg2 90. Kf4 Kf2 91. Kg5 1-0

[Event "Berlin Lieb Memorial 3rd"]
[Site "Berlin"]
[Date "2017.05.18"]
[Round "2"]
[White "Von Herman, Ulf"]
[Black "Engers, Felix"]
[Result "1-0"]
[WhiteElo "2346"]
[BlackElo "1919"]
[PlyCount "75"]
[EventDate "2017.05.11"]
[EventType "swiss"]
[EventRounds "7"]
[EventCountry "GER"]
[SourceTitle "CBM 189 Extra"]
[Source "ChessBase"]
[SourceDate "2019.06.03"]
[SourceVersion "1"]
[SourceVersionDate "2019.06.03"]
[SourceQuality "1"]

1. Nf3 Nf6 2. c4 g6 3. Nc3 Bg7 4. e4 c5 5. d4 cxd4 6. Nxd4 Nc6 7. Nc2 0-0 8. Be2 d6 9. 0-0 a6 10. Be3 Be6 11. Qd2 Rc8 12. f3 Qa5 13. Rac1 Nd7 14. b4 Qd8 15. Nd5 Nce5 16. Na3 a5 17. bxa5 Ra8 18. Nb6 Nxb6 19. Bxb6 Qd7 20. f4 Qa4 21. fxe5 Qxa3 22. Rf3 Qa4 23. exd6 exd6 24. Qxd6 Bb2 25. Bd1 Qxa2 26. Bb3 Qa3 27. Qxa3 Bxa3 28. Ra1 Be7 29. c5 Bd8 30. Bxe6 fxe6 31. Rd1 Bxb6 32. axb6 Rxf3 33. gxf3 Rc8 34. Rd7 Rxc5 35. Rxb7 Rb5 36. Kf2 Rb2+ 37. Ke3 Rxh2 38. Rc7 1-0

[Event "Bundesliga 1617"]
[Site "Germany"]
[Date "2017.05.01"]
[Round "15.5"]
[White "Von Herman, Ulf"]
[Black "Nyback, Tomi"]
[Result "1/2-1/2"]
[WhiteElo "2340"]
[BlackElo "2572"]
[PlyCount "106"]
[EventDate "2016.10.15"]
[EventType "team-tourn"]
[EventRounds "15"]
[EventCountry "GER"]
[SourceTitle "CBM 178"]
[Source "ChessBase"]
[SourceDate "2017.05.14"]
[SourceVersion "1"]
[SourceVersionDate "2017.05.14"]
[SourceQuality "1"]
[WhiteTeam "Koenig Tegel"]
[BlackTeam "Werder Bremen"]
[WhiteTeamCountry "GER"]
[BlackTeamCountry "GER"]

1. c4 Nf6 2. Nf3 c5 3. Nc3 Nc6 4. g3 g6 5. Bg2 Bg7 6. 0-0 0-0 7. d4 cxd4 8. Nxd4 Qa5 9. Nb3 Qh5 10. c5 a5 11. Na4 d5 12. cxd6 Bh3 13. dxe7 Nxe7 14. e4 Ng4 15. f3 Bxg2 16. fxg4 Qb5 17. Re1 Bh3 18. Nc3 Qc4 19. Bg5 Nc6 20. Rc1 Ne5 21. Nd5 Bxg4 22. Nd2 Qa6 23. Qa4 Nd3 24. Nc7 Qb6+ 25. Be3 Qb4 26. Qxb4 axb4 27. Nxa8 Rxa8 28. Rf1 Nxc1 29. Rxc1 Bxb2 30. Rc7 Rxa2 31. Rxb7 h5 32. Rxb4 Bc3 33. Rb8+ Kh7 34. Rd8 Bh3 35. Kf2 f6 36. Ke2 g5 37. Kd3 Be5 38. Bd4 Ra3+ 39. Ke2 Bxd4 40. Rxd4 Ra1 41. Kf2 Rh1 42. Nf3 Bg4 43. Rd2 Kg6 44. Kg2 Ra1 45. Kf2 Kf7 46. Nd4 Ke7 47. Ke3 Re1+ 48. Kd3 Bh3 49. Nf3 Ra1 50. Ke3 Bg4 51. Nd4 Ra3+ 52. Rd3 Ra2 53. Rd2 Ra3+ 1/2-1/2

[Event "Bundesliga 1617"]
[Site "Germany"]
[Date "2017.03.18"]
[Round "9.5"]
[White "Von Herman, Ulf"]
[Black "Cioara, Andrei Nestor"]
[Result "1/2-1/2"]
[WhiteElo "2340"]
[BlackElo "2433"]
[PlyCount "43"]
[EventDate "2016.10.15"]
[EventType "team-tourn"]
[EventRounds "15"]
[EventCountry "GER"]
[SourceTitle "CBM 178"]
[Source "ChessBase"]
[SourceDate "2017.05.14"]
[SourceVersion "1"]
[SourceVersionDate "2017.05.14"]
[SourceQuality "1"]
[WhiteTeam "Koenig Tegel"]
[BlackTeam "Trier"]
[WhiteTeamCountry "GER"]
[BlackTeamCountry "GER"]

1. d4 Nf6 2. c4 e6 3. Nc3 Bb4 4. Qc2 0-0 5. Nf3 b6 6. Bg5 Bb7 7. e3 h6 8. Bh4 d6 9. Be2 Nbd7 10. g4 g5 11. Bg3 Ne4 12. h4 Kg7 13. 0-0-0 Bxc3 14. bxc3 Rh8 15. Rh3 Qf6 16. Rdh1 c5 17. R1h2 Rac8 18. Nd2 Nxg3 19. Rxg3 d5 20. Rf3 Qe7 21. Rfh3 Nf6 22. hxg5 1/2-1/2

[Event "Berlin Eckbauer op 19th"]
[Site "Berlin"]
[Date "2016.11.21"]
[Round "6"]
[White "Gebigke, Martin"]
[Black "Von Herman, Ulf"]
[Result "0-1"]
[WhiteElo "2121"]
[BlackElo "2340"]
[PlyCount "80"]
[EventDate "2016.10.10"]
[EventType "swiss"]
[EventRounds "7"]
[EventCountry "GER"]
[SourceTitle "EXT 2022"]
[Source "ChessBase"]
[SourceDate "2021.10.06"]
[SourceVersion "1"]
[SourceVersionDate "2021.10.06"]
[SourceQuality "1"]

1. d4 Nf6 2. c4 e6 3. Nc3 Bb4 4. e3 0-0 5. Bd3 d5 6. Nf3 c5 7. 0-0 dxc4 8. Bxc4 Nbd7 9. a3 Ba5 10. Qe2 a6 11. Rd1 Qe7 12. e4 b5 13. Bd3 cxd4 14. Nxd4 Ne5 15. Bc2 Bb7 16. f4 Ng6 17. b4 Bb6 18. e5 Rfd8 19. Be3 Nxf4 20. Bxf4 Rxd4 21. Be3 Rxd1+ 22. Rxd1 Bxe3+ 23. Qxe3 Nd5 24. Qh3 h6 25. Ne4 Rc8 26. Qd3 Rxc2 27. Qxc2 Ne3 28. Qc5 Qxc5 29. Nxc5 Nxd1 30. Nxb7 Ne3 31. Nc5 Nc4 32. Nxa6 Nxa3 33. Kf2 Nc4 34. Ke2 Nxe5 35. Kd2 Nc6 36. Kc3 e5 37. Nc7 Nd4 38. g4 g6 39. Ne8 f5 40. gxf5 gxf5 0-1

[Event "Berlin Eckbauer op 19th"]
[Site "Berlin"]
[Date "2016.11.14"]
[Round "5"]
[White "Von Herman, Ulf"]
[Black "Heerde, Thomas"]
[Result "1-0"]
[WhiteElo "2340"]
[BlackElo "2044"]
[PlyCount "83"]
[EventDate "2016.10.10"]
[EventType "swiss"]
[EventRounds "7"]
[EventCountry "GER"]
[SourceTitle "EXT 2022"]
[Source "ChessBase"]
[SourceDate "2021.10.06"]
[SourceVersion "1"]
[SourceVersionDate "2021.10.06"]
[SourceQuality "1"]

1. d4 Nf6 2. c4 c5 3. d5 b5 4. f3 g6 5. e4 Bg7 6. cxb5 0-0 7. Ne2 e6 8. d6 a6 9. Nec3 Qb6 10. Na4 Qa7 11. b6 Qb7 12. Nd2 a5 13. Nc4 Na6 14. a3 Qb8 15. Be3 Bb7 16. Nxa5 Ne8 17. Nc4 f5 18. e5 Bd5 19. f4 g5 20. Rc1 Kh8 21. Nc3 Bxc4 22. Bxc4 Qxb6 23. Qf3 Rc8 24. Qe2 Nb8 25. 0-0 gxf4 26. Bxf4 Nc6 27. Nb5 Rg8 28. Kh1 Rb8 29. Rf3 Na5 30. Rh3 Rf8 31. Qh5 Kg8 32. Qxh7+ Kf7 33. Qxf5+ Kg8 34. Qh7+ Kf7 35. Qh5+ Kg8 36. Bd3 Rxf4 37. Bh7+ Kh8 38. Bg6+ Kg8 39. Rf3 Rxf3 40. Qxf3 Qxb5 41. Qf7+ Kh8 42. Rc3 1-0

[Event "Berlin Eckbauer op 19th"]
[Site "Berlin"]
[Date "2016.10.31"]
[Round "3"]
[White "Von Herman, Ulf"]
[Black "Toth, Ferenc2222"]
[Result "1-0"]
[WhiteElo "2340"]
[BlackElo "1974"]
[PlyCount "67"]
[EventDate "2016.10.10"]
[EventType "swiss"]
[EventRounds "7"]
[EventCountry "GER"]
[SourceTitle "EXT 2022"]
[Source "ChessBase"]
[SourceDate "2021.10.06"]
[SourceVersion "1"]
[SourceVersionDate "2021.10.06"]
[SourceQuality "1"]

1. d4 Nf6 2. c4 c5 3. d5 Ne4 4. Qc2 Qa5+ 5. Nc3 Nxc3 6. Bd2 Qa4 7. b3 Qa6 8. Bxc3 Qg6 9. e4 d6 10. Nf3 Na6 11. Nh4 Qh5 12. g3 Rg8 13. Be2 Qh6 14. 0-0 g5 15. Bd2 Qf6 16. Ng2 Bh3 17. a3 0-0-0 18. Rab1 Bxg2 19. Kxg2 g4 20. f3 gxf3+ 21. Rxf3 Qg7 22. Rf5 Nb8 23. Bh5 f6 24. b4 Nd7 25. Be3 b6 26. bxc5 Nxc5 27. a4 e6 28. dxe6 Nxe6 29. a5 Nc5 30. axb6 a6 31. Qa2 Qb7 32. Bf3 d5 33. cxd5 Bd6 34. Qc4 1-0

[Event "Berlin Eckbauer op 19th"]
[Site "Berlin"]
[Date "2016.10.10"]
[Round "1"]
[White "Von Herman, Ulf"]
[Black "Ziems, Michael"]
[Result "1-0"]
[WhiteElo "2340"]
[BlackElo "1818"]
[PlyCount "67"]
[EventDate "2016.10.10"]
[EventType "swiss"]
[EventRounds "7"]
[EventCountry "GER"]
[SourceTitle "EXT 2022"]
[Source "ChessBase"]
[SourceDate "2021.10.06"]
[SourceVersion "1"]
[SourceVersionDate "2021.10.06"]
[SourceQuality "1"]

1. c4 e6 2. Nf3 d5 3. g3 Nf6 4. Bg2 Be7 5. 0-0 0-0 6. d4 b6 7. cxd5 exd5 8. Nc3 Bb7 9. Bf4 a6 10. Rc1 Nbd7 11. Ne5 c5 12. Nxd7 Qxd7 13. Na4 Qb5 14. Bg5 Bc6 15. b3 cxd4 16. Qxd4 Ba3 17. Rc2 Ne4 18. Bxe4 dxe4 19. Qxb6 Qxg5 20. Qxc6 e3 21. f4 Qf5 22. Rc4 a5 23. Qe4 Qg4 24. Qxe3 Rfe8 25. Qf3 Qd7 26. Kg2 Qd2 27. Nc3 Bb4 28. Rf2 Rad8 29. e4 Qe1 30. Nd5 Bf8 31. Rfc2 Qb1 32. Qd3 Rd6 33. Rd2 Qe1 34. Qc2 1-0